| 000 | 00475nam a2200169 a 4500 | ||
|---|---|---|---|
| 003 | DLC | ||
| 005 | 20210219152738.0 | ||
| 008 | 991125s1977 318 000 0 eng u | ||
| 022 | _a0384-1839 | ||
| 035 | _aUPN01000059701 | ||
| 245 | 0 | 0 |
_aCANADIAN REVIEW OF ART EDUCATION : _bRESEARCH AND ISSUES |
| 260 |
_aCanadá _bCanadian Society for Education Throught Art, _c1977 |
||
| 310 | _aIrregular | ||
| 653 | 0 | _aEDUCACION ARTISTICA | |
| 905 | _aRevista | ||
| 999 |
_c59623 _d59623 |
||